00485 2200181 4500245003800000020001800038250001100056100001400067700001700081650002000098005001900118260003100137041001400168084000800182300002300190500008100213336000900294 aThe Da Peci CodecBen SohibhText a979-15303-0-0 aCet. 6 aBen Sohib aMehdy Zidane aNovel Indonesia a20240520112030 aJakartabRAHAT Booksc2006 aIndonesia a813 a326 hlm. :c17 cm. aIni adalah kisah menggelitik seorang anak Jakarte yang kritis juga romantis. atext